000 00780cam a2200217 i 4500
005 20260223102733.0
008 250721s2012 qa gr 000 0 ara d
020 _a9789957095123
082 1 4 _a414.1
_bش ن ا
100 1 _aالشناوي، خالد نعيم
_eمؤلف.
245 1 0 _aتعاقب الألفاظ وتصاقب المعاني في ما كني به عن النكاح /
_cد. خالد نعيم الشناوي.
264 1 _aالدوحة :
_bدار أزمنة للنشر والتوزيع،
_c2012.
300 _a96صفحة.
650 1 7 _aاللغة العربية.
650 1 7 _aالمصطلحات.
650 1 7 _aالزواج.
650 1 7 _aعلم المعاني.
653 _aالنكاح
942 _2ddc
_cBK
999 _c126350
_d126350